000
00346 a2200157 4500
001
68406
020
_a
9786556132587
040
_c
Anchieta - Pituba
100
_a
Santos, Mariana Marques dos
240
1
0
_a
História 9º ano
_l
245
1
0
_a
História 9º ano
300
_a
256
362
0
_a
2023
650
4
_a
História do mundo
942
_c
BK
999
_c
68406
_d
68406